Grandfather's journey

Saved in:
Bibliographic Details
Main Author: Say, Allen
Format: Book
Language:English
Published: Boston : Houghton Mifflin, [1993].
Subjects:
Tags: Add Tag
No Tags, Be the first to tag this record!

MARC

LEADER 00000cam a2200000 i 4500
001 1/81102
008 080409s1993 us | ||| |||| ||eng||
020 |a 0395570352 (hbk.) 
035 |l 10096388 
040 |a GR-MY-UA  |b gre  |e aacr 
041 0 |a eng 
082 0 |a 809.89282   |2 (22) 
100 1 |a Say, Allen. 
245 1 0 |a Grandfather's journey /   |c written and illustrated by Allen Say. 
260 |a Boston :   |b Houghton Mifflin,   |c [1993]. 
300 |a 32 σ. :   |b έγχρ. εικ. ;   |c 30 εκ. 
650 0 0 |a Grandfathers  |x Fiction. 
650 0 0 |a Voyages and travels  |x Fiction. 
650 0 0 |a Homesickness  |x Fiction. 
650 0 0 |a Japanese Americans  |x Fiction. 
650 0 0 |a Children's literature. 
651 0 |a Japan  |x Fiction. 
651 0 |a United States  |x Description and travel  |x Fiction. 
655 7 |a Fairy tales  |2 lcgft 
852 |a INST  |b RHODES  |e 20080409  |h 809.89282 SAY  |p 005400029361  |q 005400029361  |t BK  |y 0 
901 |a BIBL4-2008-1 
909 |a Ρ  |b 151955 
922 |a 4ΕΛΗ  |b 200803  |c ΕΠΕΑΕΚ2/ΤΕΠΑΕΣ  |d ΕΛΕΥΘΕΡΟΥΔΑΚΗΣ 
970 |a ΧΑΡΙΟΠΟΛΙΤΟΥ  |b ΚΩΝΣΤΑΝΤΙΝΑ  |z 2008/04/09